| 000 | 01543cam a22004217a 4500 | ||
|---|---|---|---|
| 003 | CHAP | ||
| 005 | 20220817043635.0 | ||
| 008 | 000317d1997 jp r 00110 eng d | ||
| 010 | _a80426 | ||
| 011 | _a81398 | ||
| 035 | _a91867 | ||
| 040 | _cCHAP | ||
| 082 | 0 | 4 |
_a635.65 _bT34 |
| 100 | 0 | 0 |
_aTakeya, Masaru. _9111389 |
| 245 | 1 | 4 |
_aThe illustrated legume genetic resources database on the world wide web _c/by Masaru Takeya and Norihiko Tomooka |
| 260 |
_aTsukuba, Ibaraki : _bNational Institute of Agrobiological Resources, _c1997. |
||
| 300 | _a164 p. | ||
| 410 | 2 | _aNational Institute of Agrobiological Resources | |
| 490 | 0 | _aMis. Publ. Inst. Agrobiol. Resour. 1-93, 1997 | |
| 590 |
_aBATCH-UPD _b10 _c20130110 _lUCH01 _h0004 |
||
| 590 |
_aBATCH-UPD _b10 _c20130110 _lUCH01 _h0621 |
||
| 590 |
_aBATCH-UPD _b10 _c20130110 _lUCH01 _h2343 |
||
| 590 |
_aBATCH-UPD _b10 _c20130409 _lUCH01 _h1939 |
||
| 590 |
_aBATCH-UPD _b10 _c20130410 _lUCH01 _h0303 |
||
| 590 |
_aBATCH-UPD _b10 _c20130914 _lUCH01 _h0544 |
||
| 590 |
_aCONVERSION _b10 _c20130109 _lUCH01 _h1345 |
||
| 650 | 1 | 4 |
_aBases de datos. _910684 |
| 650 | 1 | 4 | _aINTERNET. |
| 650 | 1 | 4 |
_aLeguminosas _xGenética. _965826 |
| 650 | 1 | 4 |
_aRecursos genéticos. _995078 |
| 700 | 0 |
_aTomooka, Norihiko. _9113874 |
|
| 810 | 0 | 0 |
_aNational Institute of Agrobiological Resources _980357 |
| 830 | 0 | 0 |
_aMis. Publ. Inst. Agrobiol. Resour. 1-93, 1997 _976154 |
| 901 | _aBK | ||
| 905 | _aAlejandra Carrasco M. | ||
| 942 | _cLIBRO | ||
| 949 |
_a635.65 T34 _bBC _cLIBRO _d33724000733812 _eLIBRO _h96667 _i91867 _si |
||
| 999 |
_c80426 _d80426 |
||